000 00358nam a2200133Ia 4500
008 220120s9999||||xx |||||||||||||| ||und||
082 _a620.106 ESP
100 _aEsposito, Anthony
245 0 _aFluid power with applications
250 _a7th
260 _aPearson education of asia
_bNew Delhi
_c2014
300 _aXIV,493p
_b0
650 _aCOMPUTER SCIENCE
999 _c132978
_d132978